| 000 -LEADER | |
|---|---|
| fixed length control field | 00322nam a22001337a 4500 |
| 020 ## - INTERNATIONAL STANDARD BOOK NUMBER | |
| ISBN | 9964702043 |
| 050 ## - LIBRARY OF CONGRESS CALL NUMBER | |
| Classification number | PE 71 |
| 100 ## - MAIN ENTRY--AUTHOR NAME | |
| Personal name | OBENG, Samuel |
| 245 ## - TITLE STATEMENT | |
| Title | Selected Speeches of Kwame Nkrumah |
| 260 ## - PUBLICATION, DISTRIBUTION, ETC. (IMPRINT) | |
| Place of publication | Accra |
| Name of publisher | Afram publication Ghana Limited |
| Year of publication | 2007 |
| 300 ## - PHYSICAL DESCRIPTION | |
| Number of Pages | 141p |
| 942 ## - ADDED ENTRY ELEMENTS (KOHA) | |
| Koha item type | Books |
| 988 ## - PAGINATION/EXTENT | |
| PAGINATION/EXTENT | vii,141p ( volume 4) |
No copies available.

